Ethnic groups in Afghanistan - Statistics

General Stats
  • This quiz has been taken 157 times
    38 since last reset
  • The average score is 9 of 21
Answer Stats
Family Population Ethnicity % Correct
Indo-European (Iranic) 19.26 million Pashtun
97%
Indo-European (Iranic) 10.55 million Tajik
94%
Altaic (Turkic) 1 million Turkmen
86%
Altaic (Turkic) 3.15 million Uzbek
86%
Altaic (Turkic) 1 k Kyrgyz
67%
Indo-European (Iranic)Altaic (Turkic) 5.5 million Hazara
61%
Indo-European (Iranic) 600 k Baloch
58%
Afroasiatic (Semitic) 43 k Arab
56%
Indo-European (Indo-Aryan) 3 k Punjabi
53%
Indo-European (Iranic) 150 k Kurd
39%
Indo-European (Indo-Aryan) 300 k Nuristani
39%
Indo-European (Indo-Aryan) 24 k Sindhi
36%
Indo-European (Iranic)Altaic (Turkic) 1.59 million Aimaq
25%
Dravidian (Northern) 244 k Brahui
25%
Indo-European (Iranic) 65 k Pamiri
25%
Altaic (Turkic) 200 k Qizilbash
22%
Altaic (Mongolic) 2 k Moghol
14%
Indo-European (Indo-Aryan) 1 million Pashai
8%
Indo-European (Indo-Aryan) 180 k Roma
8%
Indo-European (Iranic) 2 million Farsiwan
6%
Indo-European (Indo-Aryan) 1.5 million Gujjar
6%
No matching quizzes found
Score Distribution
Percent of People with Each Score
Percentile by Number Answered
Your Score History
You have not taken this quiz since the last reset